00482nam a2200193Ia 4500003000900000008004100009040001300050040001300063041000800076100002100084245007600105250000900181260000800190260000900198300001100207300001200218490005200230490000600282IT-RoPAU120407s9999 xx 000 0 und d aIT-RoPAU cIT-RoPAU aita aFrancesco Milito aAzione Cattolica e “L’unione sacra in Calabria dal 1920 al 1931”. aRoma aAve c1980 a260 p. c21,5 cm aFonti e studi di storia dell’azione cattolica v1